| 000 | 00640cam a2200217 a 4500 | ||
|---|---|---|---|
| 001 | 1582837 | ||
| 005 | 20180215032313.0 | ||
| 008 | 930113s1991 caua 001 0 eng | ||
| 010 | _a 93103844 | ||
| 020 | _a093717565X | ||
| 040 |
_aDLC _cDLC _dDLC |
||
| 041 | _aeng | ||
| 080 | _a005.133 OUA | ||
| 082 | 0 | 0 |
_a005.133 OUA _220 |
| 100 | 1 | _a28 | |
| 101 | _aSHK | ||
| 245 | 1 | 0 |
_aPractical C programming / _cSteve Oualline ; [illustrations by Teresa Ellis]. |
| 906 |
_a7 _bcbc _corignew _d2 _encip _f19 _gy-gencatlg |
||
| 942 |
_2ddc _cBK |
||
| 999 |
_c42558 _d42558 |
||